000 00472cam a22001097a 4500
008 180718b1979 xxu||||| |||| 00| 0 eng d
082 _aT312x54 In2f
245 _aFinancial ratios as forewarning indicators of corporate sickness
_cby Industrial Credit and Investment Corporation of India
260 _aBombay
_bIndustrial Credit and Investment Corporation of India Limited
_c1979
300 _a64p
700 _aMaharashtra. Industrial Credit and Investment Corporation of India
999 _c497901
_d497901